[Event "Muensterland Regionalliga playoff 1-4"]
[Site "Germany"]
[Date "2023.05.06"]
[Round "2.1"]
[White "Ottens, Stephan"]
[Black "Funke, Reinhard"]
[Result "1-0"]
[WhiteElo "2120"]
[BlackElo "2000"]
[PlyCount "81"]
[EventDate "2022.03.18"]
[EventType "team-k.o."]
[EventRounds "2"]
[EventCountry "GER"]
[SourceTitle "EXT 2024"]
[Source "ChessBase"]
[SourceDate "2023.10.10"]
[SourceVersion "1"]
[SourceVersionDate "2023.10.10"]
[SourceQuality "1"]
[WhiteTeam "Rheine Klein Berlin"]
[BlackTeam "Suedlohn"]
[WhiteTeamCountry "GER"]
[BlackTeamCountry "GER"]

1. e4 c5 2. Nf3 Nc6 3. Bb5 Qc7 4. Nc3 e6 5. 0-0 a6 6. Bxc6 Qxc6 7. d4 cxd4 8. Nxd4 Qc7 9. Re1 Be7 10. Nf5 g6 11. Nd5 exd5 12. Nxe7 Nxe7 13. exd5 Qd6 14. Qe2 0-0 15. Qxe7 Qxe7 16. Rxe7 Kg7 17. b3 b5 18. Bb2+ Kg8 19. Rae1 a5 20. c4 bxc4 21. bxc4 Ba6 22. c5 Bb5 23. h4 h5 24. f3 a4 25. a3 Rac8 26. Bd4 Rfd8 27. g4 hxg4 28. fxg4 Kf8 29. Bf6 Rxc5 30. R7e5 d6 31. Bxd8 dxe5 32. Rxe5 Rc4 33. g5 Bd7 34. Be7+ Kg8 35. Bf6 Kf8 36. Kf2 Rc8 37. Re7 Be8 38. d6 Rd8 39. Rc7 Rd7 40. Be7+ Kg7 41. Rc8 1-0

[Event "Muensterland Regionalliga 1819"]
[Site "Germany"]
[Date "2019.05.11"]
[Round "9.3"]
[White "Ottens, Stephan"]
[Black "Paalman, Henk Jan"]
[Result "1/2-1/2"]
[WhiteElo "2064"]
[BlackElo "2144"]
[PlyCount "64"]
[EventDate "2018.09.08"]
[EventType "team-tourn"]
[EventRounds "9"]
[EventCountry "GER"]
[SourceTitle "EXT 2020"]
[Source "ChessBase"]
[SourceDate "2019.10.17"]
[SourceVersion "1"]
[SourceVersionDate "2019.10.17"]
[SourceQuality "1"]
[WhiteTeam "Rheine Klein Berlin"]
[BlackTeam "Emsdetten Rochade"]
[WhiteTeamCountry "GER"]
[BlackTeamCountry "GER"]

1. e4 e6 2. d4 d5 3. Nc3 Nf6 4. Bg5 Be7 5. e5 Nfd7 6. Bxe7 Qxe7 7. f4 0-0 8. Nf3 c5 9. Nb5 Nc6 10. c3 f6 11. Bd3 cxd4 12. cxd4 a6 13. Nd6 f5 14. 0-0 h6 15. h4 Nd8 16. Rc1 Nf7 17. Nxf7 Rxf7 18. Qb3 Qd8 19. Rc2 Nb8 20. Rfc1 Nc6 21. Qc3 Rc7 22. b4 Bd7 23. a3 Rcc8 24. Qe1 Ne7 25. Rc5 b6 26. Rxc8 Nxc8 27. Qc3 a5 28. b5 Na7 29. a4 Rc8 30. Qd2 Rxc1+ 31. Qxc1 Qc8 32. Qxc8+ Nxc8 1/2-1/2

[Event "Muensterland Regionalliga 1718"]
[Site "Germany"]
[Date "2017.12.02"]
[Round "4.2"]
[White "Ottens, Stephan"]
[Black "Vos, Thomas"]
[Result "1/2-1/2"]
[WhiteElo "2116"]
[BlackElo "2159"]
[PlyCount "28"]
[EventDate "2017.09.02"]
[EventType "team-tourn"]
[EventRounds "9"]
[EventCountry "GER"]
[SourceTitle "EXT 2019"]
[Source "ChessBase"]
[SourceDate "2018.10.10"]
[SourceVersion "1"]
[SourceVersionDate "2018.10.10"]
[SourceQuality "1"]
[WhiteTeam "Rheine Klein Berlin"]
[BlackTeam "Neuenkirchen"]
[WhiteTeamCountry "GER"]
[BlackTeamCountry "GER"]

1. e4 g6 2. d4 Bg7 3. Nc3 c5 4. Be3 Qa5 5. Qd2 Nf6 6. f3 cxd4 7. Bxd4 Nc6 8. Be3 Nb4 9. a3 d6 10. Bb5+ Bd7 11. Bxd7+ Nxd7 12. Kf2 Na6 13. Nge2 Rc8 14. Bd4 Bxd4+ 1/2-1/2

[Event "Muensterland Regionalliga 1718"]
[Site "Germany"]
[Date "2017.09.02"]
[Round "1.2"]
[White "Liesmann, Karsten"]
[Black "Ottens, Stephan"]
[Result "1/2-1/2"]
[WhiteElo "1998"]
[BlackElo "2116"]
[PlyCount "57"]
[EventDate "2017.09.02"]
[EventType "team-tourn"]
[EventRounds "9"]
[EventCountry "GER"]
[SourceTitle "EXT 2019"]
[Source "ChessBase"]
[SourceDate "2018.10.10"]
[SourceVersion "1"]
[SourceVersionDate "2018.10.10"]
[SourceQuality "1"]
[WhiteTeam "Bocholt"]
[BlackTeam "Rheine Klein Berlin"]
[WhiteTeamCountry "GER"]
[BlackTeamCountry "GER"]

1. d4 Nf6 2. Nf3 c5 3. e3 g6 4. Be2 Bg7 5. 0-0 0-0 6. b3 b6 7. Bb2 Ne4 8. Nbd2 Bb7 9. Nxe4 Bxe4 10. Nd2 Bb7 11. Nc4 b5 12. Ne5 d6 13. Nf3 a6 14. c4 bxc4 15. Bxc4 Nc6 16. Qd2 cxd4 17. exd4 d5 18. Be2 Qb6 19. Rfd1 a5 20. Ne5 Nxe5 21. dxe5 Rfc8 22. Rac1 e6 23. Bd4 Qd8 24. Qe3 Rxc1 25. Rxc1 Rc8 26. Rxc8 Qxc8 27. Qc3 Qd8 28. Qe3 Bf8 29. g3 1/2-1/2

[Event "Muensterland Regionalliga 1617"]
[Site "Germany"]
[Date "2016.11.19"]
[Round "3.1"]
[White "Ottens, Stephan"]
[Black "Monsma, Menno"]
[Result "1-0"]
[WhiteElo "2120"]
[BlackElo "2030"]
[PlyCount "67"]
[EventDate "2016.09.17"]
[EventType "team"]
[EventRounds "9"]
[EventCountry "GER"]
[SourceTitle "EXT 2018"]
[Source "ChessBase"]
[SourceDate "2017.10.13"]
[SourceVersion "1"]
[SourceVersionDate "2017.10.13"]
[SourceQuality "1"]
[WhiteTeam "Rheine Klein Berlin"]
[BlackTeam "Gronau"]
[WhiteTeamCountry "GER"]
[BlackTeamCountry "GER"]

1. e4 e5 2. Nf3 Nc6 3. Bb5 a6 4. Bxc6 dxc6 5. 0-0 Bg4 6. h3 h5 7. d3 Qf6 8. Nbd2 Ne7 9. Nc4 Bxf3 10. Qxf3 Qxf3 11. gxf3 Ng6 12. Kh1 Bd6 13. Rg1 Nf8 14. f4 exf4 15. Nxd6+ cxd6 16. Bxf4 Rd8 17. Be3 Rh7 18. f4 Nd7 19. f5 f6 20. Bf4 Ne5 21. d4 Nf7 22. a4 Rd7 23. a5 Re7 24. Rae1 Kd7 25. Kg2 Rh8 26. Kf3 Rh7 27. c4 c5 28. dxc5 dxc5 29. Rd1+ Kc6 30. Rd5 b6 31. Rg6 bxa5 32. e5 Rb7 33. exf6 Rb3+ 34. Ke4 1-0

[Event "Muensterland Regionalliga 1516"]
[Site "Germany"]
[Date "2015.12.05"]
[Round "4.1"]
[White "Ottens, Stephan"]
[Black "Rehfeldt, Frank"]
[Result "1-0"]
[WhiteElo "2084"]
[BlackElo "2144"]
[PlyCount "93"]
[EventDate "2015.09.05"]
[EventType "team"]
[EventRounds "9"]
[EventCountry "GER"]
[SourceTitle "EXT 2017"]
[Source "ChessBase"]
[SourceDate "2016.10.25"]
[SourceVersion "1"]
[SourceVersionDate "2016.10.25"]
[SourceQuality "1"]
[WhiteTeam "Rheine Klein Berlin"]
[BlackTeam "Muenster SK II"]
[WhiteTeamCountry "GER"]
[BlackTeamCountry "GER"]

1. e4 c6 2. d4 d5 3. Nc3 dxe4 4. Nxe4 Bf5 5. Ng3 Bg6 6. h4 h6 7. Nf3 Nd7 8. h5 Bh7 9. Bd3 Bxd3 10. Qxd3 e6 11. Bf4 Qa5+ 12. Bd2 Bb4 13. c3 Be7 14. c4 Qc7 15. 0-0-0 Ngf6 16. Ne4 Nxe4 17. Qxe4 Nf6 18. Qe2 0-0-0 19. g3 Rhe8 20. Bc3 Kb8 21. Kb1 Ka8 22. Ne5 Bd6 23. f4 Rb8 24. Qf3 Rec8 25. Rd3 b5 26. Ba5 Qxa5 27. Nxc6 Qc7 28. Nxb8+ Kxb8 29. c5 Be7 30. Rb3 Qd7 31. a4 a6 32. axb5 axb5 33. Qd3 Kc7 34. Rxb5 Kd8 35. Rc1 Nd5 36. Qb3 Qc6 37. Rb8 Bf6 38. Rc4 Nc7 39. Qb7 Qxb7 40. Rxb7 Kd7 41. Kc2 Bxd4 42. Rxd4+ Kc6 43. Rxc7+ Rxc7 44. b4 Re7 45. Kc3 f5 46. Rd6+ Kc7 47. Kd4 1-0

[Event "Muensterland Regionalliga 1415"]
[Site "Germany"]
[Date "2015.02.21"]
[Round "6.1"]
[White "Funke, Reinhard"]
[Black "Ottens, Stephan"]
[Result "1/2-1/2"]
[WhiteElo "2072"]
[BlackElo "2119"]
[PlyCount "98"]
[EventDate "2014.09.20"]
[EventType "team-tourn"]
[EventRounds "9"]
[EventCountry "GER"]
[SourceTitle "EXT 2016"]
[Source "ChessBase"]
[SourceDate "2015.10.08"]
[SourceVersion "1"]
[SourceVersionDate "2015.10.08"]
[SourceQuality "1"]
[WhiteTeam "Suedlohn"]
[BlackTeam "Rheine Klein Berlin"]
[WhiteTeamCountry "GER"]
[BlackTeamCountry "GER"]

1. d4 Nf6 2. c4 g6 3. g3 Bg7 4. Bg2 0-0 5. Nf3 d6 6. 0-0 Nbd7 7. Qc2 e5 8. Nc3 c6 9. Rd1 Qe7 10. e4 a5 11. dxe5 dxe5 12. h3 Re8 13. Be3 Nc5 14. b3 Nfd7 15. Ne1 Ne6 16. Ne2 Ndc5 17. Kh2 Bf8 18. Nd3 Nxd3 19. Rxd3 Nc5 20. Rdd1 Qc7 21. Nc3 Ne6 22. Na4 Nd4 23. Bxd4 exd4 24. c5 Be6 25. f4 Bg7 26. Rd3 h5 27. h4 Rad8 28. Rc1 Kh7 29. Qd2 Ra8 30. Nb6 Ra6 31. Nc4 Bxc4 32. Rxc4 b5 33. cxb6 Qxb6 34. Qc2 Rc8 35. e5 c5 36. Rdxd4 cxd4 37. Rxc8 Ra7 38. Rc6 Qd8 39. Be4 Rd7 40. Bd3 Qe7 41. e6 fxe6 42. Bxg6+ Kh6 43. f5 Be5 44. Rxe6 Qxh4+ 45. Kg1 Qxg3+ 46. Kf1 Qf3+ 47. Qf2 Qd1+ 48. Qe1 Qf3+ 49. Qf2 Qd1+ 1/2-1/2

[Event "Muensterland Regionalliga 1415"]
[Site "Germany"]
[Date "2014.09.20"]
[Round "1.1"]
[White "Ottens, Stephan"]
[Black "Lehmann, Holger"]
[Result "0-1"]
[WhiteElo "2119"]
[BlackElo "2151"]
[PlyCount "70"]
[EventDate "2014.09.20"]
[EventType "team-tourn"]
[EventRounds "9"]
[EventCountry "GER"]
[SourceTitle "EXT 2016"]
[Source "ChessBase"]
[SourceDate "2015.10.08"]
[SourceVersion "1"]
[SourceVersionDate "2015.10.08"]
[SourceQuality "1"]
[WhiteTeam "Rheine Klein Berlin"]
[BlackTeam "Emsdetten Rochade"]
[WhiteTeamCountry "GER"]
[BlackTeamCountry "GER"]

1. e4 c5 2. Nf3 e6 3. Nc3 a6 4. d4 cxd4 5. Nxd4 b5 6. Be2 Bb7 7. Bf3 Ne7 8. 0-0 Nbc6 9. e5 Ng6 10. Nxc6 dxc6 11. Qe2 Qc7 12. Re1 Bc5 13. a4 0-0 14. Be3 Qxe5 15. Bxc5 Qxc5 16. axb5 axb5 17. Nxb5 Nf4 18. Qe3 Rxa1 19. Rxa1 Qxb5 20. Qxf4 Qxb2 21. Qc1 Qxc1+ 22. Rxc1 Rc8 23. Rb1 Ba6 24. Rb6 Bb5 25. c4 Bxc4 26. Rxc6 Rb8 27. h4 Bb3 28. Ra6 g6 29. Ra8 Rxa8 30. Bxa8 Bd5 31. Bxd5 exd5 32. f4 Kf8 33. Kf2 Ke7 34. Ke3 Kd6 35. Kd4 h5 0-1

[Event "Muensterland Regionalliga 1314"]
[Site "Germany"]
[Date "2014.01.18"]
[Round "5.1"]
[White "Remmeke, Hans"]
[Black "Ottens, Stephan"]
[Result "1/2-1/2"]
[WhiteElo "2161"]
[BlackElo "2159"]
[PlyCount "36"]
[EventDate "2013.09.07"]
[EventType "team-tourn"]
[EventRounds "9"]
[EventCountry "GER"]
[SourceTitle "EXT 2015"]
[Source "ChessBase"]
[SourceDate "2014.11.20"]
[SourceVersion "1"]
[SourceVersionDate "2014.11.20"]
[SourceQuality "1"]
[WhiteTeam "Nienberge"]
[BlackTeam "Rheine Klein Berlin"]
[WhiteTeamCountry "GER"]
[BlackTeamCountry "GER"]

1. d4 Nf6 2. c4 g6 3. Nc3 Bg7 4. Nf3 0-0 5. Bg5 h6 6. Bh4 d6 7. e3 Nbd7 8. Nd2 a5 9. Be2 c6 10. 0-0 Qb6 11. Qc2 e5 12. Bg3 exd4 13. exd4 Qxd4 14. Nb3 Qa7 15. Bxd6 Re8 16. Rad1 a4 17. Nd4 Nc5 18. Bf4 Nfe4 1/2-1/2

[Event "Muensterland Regionalliga 1314"]
[Site "Germany"]
[Date "2013.12.07"]
[Round "4.1"]
[White "Ottens, Stephan"]
[Black "Fuest, Martin"]
[Result "1/2-1/2"]
[WhiteElo "2159"]
[BlackElo "2120"]
[PlyCount "67"]
[EventDate "2013.09.07"]
[EventType "team-tourn"]
[EventRounds "9"]
[EventCountry "GER"]
[SourceTitle "EXT 2015"]
[Source "ChessBase"]
[SourceDate "2014.11.20"]
[SourceVersion "1"]
[SourceVersionDate "2014.11.20"]
[SourceQuality "1"]
[WhiteTeam "Rheine Klein Berlin"]
[BlackTeam "Bocholt"]
[WhiteTeamCountry "GER"]
[BlackTeamCountry "GER"]

1. e4 d5 2. exd5 Qxd5 3. Nc3 Qd6 4. d4 Nf6 5. Bc4 c6 6. Bg5 Be6 7. Bxe6 Qxe6+ 8. Qe2 Qxe2+ 9. Kxe2 Nbd7 10. Nf3 e6 11. Ne5 Bb4 12. Nxd7 Kxd7 13. Bxf6 gxf6 14. Ne4 f5 15. Nc5+ Bxc5 16. dxc5 Ke7 17. Rhd1 Rad8 18. c4 e5 19. Rac1 Rxd1 20. Rxd1 Rg8 21. g3 Rg4 22. b3 h5 23. Rd6 Rg6 24. Rxg6 fxg6 25. f4 h4 26. gxh4 e4 27. h5 Kf6 28. hxg6 Kxg6 29. Kf2 Kh6 30. b4 a6 31. Kg3 Kh5 32. Kh3 Kg6 33. Kg3 Kh5 34. Kh3 1/2-1/2

[Event "NRW Class1 1112"]
[Site "Germany"]
[Date "2012.03.25"]
[Round "8.4"]
[White "Ottens, Stephan"]
[Black "Balster, Stefan"]
[Result "0-1"]
[WhiteElo "2102"]
[BlackElo "2252"]
[PlyCount "82"]
[EventDate "2011.09.18"]
[EventType "team-tourn"]
[EventRounds "9"]
[EventCountry "GER"]
[SourceTitle "EXT 2015"]
[Source "ChessBase"]
[SourceDate "2014.11.20"]
[SourceVersion "1"]
[SourceVersionDate "2014.11.20"]
[SourceQuality "1"]
[WhiteTeam "Rheine Klein Berlin"]
[BlackTeam "Duesseldorf"]
[WhiteTeamCountry "GER"]
[BlackTeamCountry "GER"]

1. e4 c5 2. Nf3 e6 3. Nc3 a6 4. d4 cxd4 5. Nxd4 d6 6. Be2 Nf6 7. 0-0 Be7 8. a4 Qc7 9. Be3 b6 10. f4 Bb7 11. Bf3 Nc6 12. Nxc6 Bxc6 13. e5 Nd7 14. f5 Nxe5 15. Bxc6+ Qxc6 16. fxe6 fxe6 17. Qh5+ Kd7 18. Rad1 Bf6 19. Bd4 Ke7 20. Bxe5 dxe5 21. Qg4 Rad8 22. Ne4 h5 23. Qf3 Rxd1 24. Rxd1 Rd8 25. Qa3+ Kf7 26. Rxd8 Bxd8 27. Qf3+ Ke7 28. c4 Qxc4 29. Qa3+ Kd7 30. Qd6+ Kc8 31. Qxe5 Bc7 32. Nd6+ Bxd6 33. Qxd6 Qc1+ 34. Kf2 Qxb2+ 35. Kg3 Qc3+ 36. Kh4 Qc4+ 37. Kxh5 Qc5+ 38. Qxc5+ bxc5 39. Kg5 e5 40. Kf5 c4 41. Ke4 Kd7 0-1

[Event "NRW Class1 1112"]
[Site "Germany"]
[Date "2011.11.13"]
[Round "3.4"]
[White "Ottens, Stephan"]
[Black "Wilde, Pierre"]
[Result "0-1"]
[WhiteElo "2102"]
[BlackElo "2258"]
[PlyCount "124"]
[EventDate "2011.09.18"]
[EventType "team-tourn"]
[EventRounds "9"]
[EventCountry "GER"]
[SourceTitle "EXT 2015"]
[Source "ChessBase"]
[SourceDate "2014.11.20"]
[SourceVersion "1"]
[SourceVersionDate "2014.11.20"]
[SourceQuality "1"]
[WhiteTeam "Rheine Klein Berlin"]
[BlackTeam "Neuenkirchen"]
[WhiteTeamCountry "GER"]
[BlackTeamCountry "GER"]

1. e4 c5 2. Nf3 a6 3. d4 cxd4 4. c3 dxc3 5. Nxc3 e6 6. Bc4 b5 7. Bb3 Bb7 8. Qe2 d6 9. Bf4 Nd7 10. Rd1 Qb8 11. a3 Ngf6 12. 0-0 Be7 13. Rd2 0-0 14. Rfd1 Ne5 15. Nxe5 dxe5 16. Bg3 Rd8 17. Rxd8+ Bxd8 18. f3 Nh5 19. Bf2 Bc6 20. Na2 a5 21. Nc1 Nf4 22. Qc2 Be8 23. Kh1 Qc7 24. Qxc7 Bxc7 25. g3 Ng6 26. Kg2 Rd8 27. Rxd8 Bxd8 28. Nd3 Bc7 29. Kf1 Ne7 30. Bc5 Nc6 31. Kf2 h5 32. h3 g6 33. Ke3 Kg7 34. Ba2 Kf6 35. b4 Nb8 36. bxa5 Bxa5 37. h4 Nd7 38. Ba7 Ke7 39. Nc5 Be1 40. g4 hxg4 41. fxg4 Bxh4 42. Nd3 Kd6 43. Bb3 Kc7 44. Kf3 Be7 45. a4 Kc6 46. Bf2 Bd6 47. g5 Nc5 48. axb5+ Kxb5 49. Bxc5 Bxc5 50. Nxe5 Be7 51. Kg4 Kb4 52. Bd1 Kc3 53. Nf3 Kd3 54. Kf4 Bd6+ 55. e5 Ba3 56. Bb3 Bc1+ 57. Kg4 Ke3 58. Bc2 Bb2 59. Bb3 Bb5 60. Bd1 Bd3 61. Ba4 Be2 62. Bc6 Bxe5 0-1

[Event "NRW Class2 1011"]
[Site "Germany"]
[Date "2011.01.09"]
[Round "5.2"]
[White "Ottens, Stephan"]
[Black "Graw, Christopher"]
[Result "1/2-1/2"]
[WhiteElo "2223"]
[BlackElo "2257"]
[PlyCount "49"]
[EventDate "2010.09.26"]
[EventType "team-tourn"]
[EventRounds "9"]
[EventCountry "GER"]
[SourceTitle "EXT 2012"]
[Source "ChessBase"]
[SourceDate "2011.11.24"]
[SourceVersion "1"]
[SourceVersionDate "2011.11.24"]
[SourceQuality "1"]
[WhiteTeam "Rheine Klein Berlin"]
[BlackTeam "Herne Sodingen"]
[WhiteTeamCountry "GER"]
[BlackTeamCountry "GER"]

1. e4 c5 2. Nf3 d6 3. Bb5+ Nd7 4. d4 Ngf6 5. Nc3 a6 6. Bxd7+ Nxd7 7. e5 e6 8. exd6 Bxd6 9. Ne4 Be7 10. dxc5 Nxc5 11. Qxd8+ Kxd8 12. Nxc5 Bxc5 13. Ng5 Ke7 14. Ne4 Bd6 15. Be3 Rd8 16. Nxd6 Kxd6 17. 0-0-0+ Ke7 18. Bc5+ Ke8 19. Bb6 Rxd1+ 20. Rxd1 Bd7 21. c4 Rc8 22. b3 Rc6 23. c5 e5 24. Re1 Re6 25. g3 1/2-1/2

[Event "NRW Class2 1011"]
[Site "Germany"]
[Date "2010.10.24"]
[Round "2.2"]
[White "Bossy, Arnim"]
[Black "Ottens, Stephan"]
[Result "1/2-1/2"]
[WhiteElo "2182"]
[BlackElo "2223"]
[PlyCount "40"]
[EventDate "2010.09.26"]
[EventType "team-tourn"]
[EventRounds "9"]
[EventCountry "GER"]
[SourceTitle "EXT 2012"]
[Source "ChessBase"]
[SourceDate "2011.11.24"]
[SourceVersion "1"]
[SourceVersionDate "2011.11.24"]
[SourceQuality "1"]
[WhiteTeam "Mettmann Sport"]
[BlackTeam "Rheine Klein Berlin"]
[WhiteTeamCountry "GER"]
[BlackTeamCountry "GER"]

1. d4 Nf6 2. Bg5 Ne4 3. Bf4 c5 4. f3 Qa5+ 5. c3 Nf6 6. d5 d6 7. e4 e6 8. Qd2 exd5 9. exd5 Be7 10. c4 Qc7 11. Nc3 Bf5 12. Nge2 a6 13. Ng3 Bg6 14. Be2 0-0 15. 0-0 Nbd7 16. Rfe1 Rfe8 17. Be3 Nh5 18. Nge4 Nhf6 19. Ng3 Nh5 20. Nge4 Nhf6 1/2-1/2

[Event "NRW Class1 0910"]
[Site "Germany"]
[Date "2010.03.21"]
[Round "8.1"]
[White "Ottens, Stephan"]
[Black "Becker, Marcel"]
[Result "0-1"]
[WhiteElo "2244"]
[BlackElo "2363"]
[PlyCount "78"]
[EventDate "2009.09.20"]
[EventType "team-tourn"]
[EventRounds "9"]
[EventCountry "GER"]
[SourceTitle "EXT 2011"]
[Source "ChessBase"]
[SourceDate "2010.11.26"]
[SourceVersion "1"]
[SourceVersionDate "2010.11.26"]
[SourceQuality "1"]
[WhiteTeam "Rheine"]
[BlackTeam "Letmathe"]
[WhiteTeamCountry "GER"]
[BlackTeamCountry "GER"]

1. e4 e6 2. d4 d5 3. Nc3 Bb4 4. e5 Ne7 5. a3 Bxc3+ 6. bxc3 c5 7. h4 b6 8. h5 h6 9. Qg4 Kf8 10. Nf3 Qc7 11. Bd2 Ba6 12. Bxa6 Nxa6 13. Rc1 cxd4 14. cxd4 Qc4 15. Qf4 Ke8 16. Rh3 Nb8 17. Bb4 Nbc6 18. Bxe7 Kxe7 19. c3 Rac8 20. Nd2 Qa4 21. c4 Na5 22. Qh4+ Kd7 23. Rf3 Rhf8 24. Qg4 Nxc4 25. Qxg7 Nxe5 26. Rxc8 Nxf3+ 27. Nxf3 Rxc8 28. Qxf7+ Kd6 29. Qf4+ Kc6 30. Qf7 Kd6 31. Qf4+ Kc6 32. Qf7 Qc2 33. Qxa7 Qb1+ 34. Ke2 Kd6 35. Nd2 Qb2 36. g4 Qxd4 37. f3 Rc2 38. Qb8+ Ke7 39. Qb7+ Kf6 0-1

[Event "NRW Class1 0910"]
[Site "Germany"]
[Date "2009.10.25"]
[Round "2.1"]
[White "Seegers, Hendrik"]
[Black "Ottens, Stephan"]
[Result "1-0"]
[WhiteElo "2241"]
[BlackElo "2244"]
[PlyCount "119"]
[EventDate "2009.09.20"]
[EventType "team-tourn"]
[EventRounds "9"]
[EventCountry "GER"]
[SourceTitle "EXT 2011"]
[Source "ChessBase"]
[SourceDate "2010.11.26"]
[SourceVersion "1"]
[SourceVersionDate "2010.11.26"]
[SourceQuality "1"]
[WhiteTeam "Neuenkirchen"]
[BlackTeam "Rheine"]
[WhiteTeamCountry "GER"]
[BlackTeamCountry "GER"]

1. d4 Nf6 2. Nf3 g6 3. c4 Bg7 4. Nc3 d6 5. e3 0-0 6. Be2 Nbd7 7. 0-0 e5 8. dxe5 dxe5 9. b3 Qe7 10. Qc2 c6 11. Rd1 Re8 12. h3 a5 13. Na4 b6 14. Bb2 Rb8 15. Rac1 Bb7 16. Nd2 e4 17. Bxf6 Nxf6 18. Nxb6 c5 19. Nb1 Qe5 20. Nc3 Bf8 21. Ncd5 Nxd5 22. Nxd5 Bd6 23. g3 Qe6 24. Bf1 g5 25. Bg2 Kg7 26. Qc3+ Be5 27. Qxa5 Ra8 28. Qd2 h5 29. Qe2 h4 30. gxh4 gxh4 31. Qg4+ Qxg4 32. hxg4 Rxa2 33. Nc3 Rb2 34. Na4 Ra2 35. Nxc5 Bc8 36. Nd7 Bxd7 37. Rxd7 h3 38. Bxh3 Rh8 39. Bg2 Rh4 40. Rcd1 Rxg4 41. Kf1 Rb2 42. Rb7 Rg6 43. Bxe4 Rf6 44. f3 Bf4 45. Rc1 Bxe3 46. Rc2 Rb1+ 47. Ke2 Bf4 48. c5 Rh6 49. Kd3 Rd1+ 50. Kc4 Be3 51. Kb5 Kf8 52. Rc3 Bf2 53. Rd3 Rc1 54. Rd8+ Kg7 55. Rc8 Rc3 56. b4 Be1 57. Bd5 Rf6 58. Rcc7 Rd3 59. Rxf7+ Rxf7 60. Bxf7 1-0